LEADER 01607nas 2200445- 450 001 996321278903316 005 20220308213021.0 035 $a(OCoLC)1106031327 035 $a(CKB)4340000000089614 035 $a(CONSER)--2019252384 035 $a(DE-599)ZDB3020382-X 035 $a(EXLCZ)994340000000089614 100 $a20190628a20089999 --- - 101 0 $apor 181 $ctxt$2rdacontent 182 $cc$2rdamedia 183 $acr$2rdacarrier 200 00$aAlexandria$erevista de educação em ciência e tecnologia 210 1$aFlorianópolis, Santa Catarina, Brazil :$cUniversidade Federal de Santa Catarina,$d2008- 215 $a1 online resource 300 $aRefereed/Peer-reviewed 311 $a1982-5153 517 1 $aRevista de educação em ciência e tecnologia 531 1 $aAlexandria 606 $aScience$xStudy and teaching (Higher)$zBrazil$vPeriodicals 606 $aMathematics$xStudy and teaching (Higher)$zBrazil$vPeriodicals 606 $aMathematics$xStudy and teaching (Higher)$2fast$3(OCoLC)fst01012286 606 $aScience$xStudy and teaching (Higher)$2fast$3(OCoLC)fst01108455 607 $aBrazil$2fast 608 $aPeriodicals.$2fast 608 $aPeriodicals.$2lcgft 615 0$aScience$xStudy and teaching (Higher) 615 0$aMathematics$xStudy and teaching (Higher) 615 7$aMathematics$xStudy and teaching (Higher) 615 7$aScience$xStudy and teaching (Higher) 712 02$aUniversidade Federal de Santa Catarina, 906 $aJOURNAL 912 $a996321278903316 996 $aAlexandria$9243315 997 $aUNISA